000 00613nam a2200133Ia 4500
008 171212s9999 xx 000 0 und d
020 _a9780870819476
100 _aFreeman, L. G.
245 _cFreeman, L. G.
_aAnthropology without Informants
_bCollected Works in Paleoanthropology by L.G. Freeman
260 _bUniversity Press of Colorado
_c2009
650 _aAnthropology
650 _aPaleolithic period -- Spain; Anthropology, Prehistoric -- Spain; Paleoanthropology -- Spain; Antiquities, Prehistoric -- Spain; Freeman, Leslie G. -- Literary collections
856 _uwww.jstor.org/stable/10.2307/j.ctt46ntrt
999 _c353032
_d353032